00758nam a2200229Ia 4500008004100000020002000041040001400061082001800075100002500093245003000118260004500148300001500193365002800208366000900236505002200245530007300267536002800340620007700368630003000445650002300475730003000498100315s9999 xx 000 0 und d a81-903995-2-7  cENGLISH  b6400 a658  a"Narayani , Ganesh " aThe Best of Speeking Tree aNew Delhi bTimes Group Book  c2005  a158 pg.   eRupees d1 b180.00  f10  gVinayak Gonjare  bBG-(Shree Ganesh Book Services) 1047/31-10-2007 a1047/31-10-2007  a01/04/2007-31/03/2008  a"Dharma, Charity,The Guru Pain and Loss Managing Stress , Divine Love " aThe Best of Speeking Tree aGeneeral Reading  aThe Best of Speeking Tree